| 000 | 00517nam a2200193 a 4500 | ||
|---|---|---|---|
| 001 | 1758808969899 | ||
| 003 | YourLibrary | ||
| 005 | 20250927150735.0 | ||
| 008 | 250925s1981##################000#0#eng## | ||
| 020 | _a9780691018386 | ||
| 082 | 0 | 4 |
_a155.4 _bHUL |
| 100 | 1 |
_aJung, C. G., _eauthor. |
|
| 245 | 1 | 0 | _aCollected Works of C.G. Jung, Volume 17 : |
| 260 |
_bPrinceton University Press, _c1981. |
||
| 300 | _a242 pages | ||
| 650 | 0 | _aPsychology. | |
| 942 | _cENGLISH | ||
| 040 |
_aYourLibrary _beng _cYourLibrary |
||
| 999 |
_c589840 _d589840 |
||